000 00623nam a2200181Ia 4500
008 240719t1929||||xx |||||||||||||| ||spa||
040 _aODONTO
_bspa
_cODONTO
_dODONTO
041 _aspa
084 _aT24
100 _aRodríguez Genis, Mariano
_98723
245 0 _aConducta del cirujano dentista ante la hemofilia.
260 _aGuatemala :
_bUSAC,
_c1929
300 _a23 p.
_b
_c26 cm.
502 _aTesis (Cirujano Dentista) -- Universidad de San Carlos de Guatemala.
650 _a Trastornos de coagulación sanguínea
_98724
650 _aHemofilia
_98725
942 _aBiblioteca Facultad de Odontología
_cTESIS
_nNo
_kT24
999 _c3194
_d3194